| 000 | 00820nam a2200169 4500 | ||
|---|---|---|---|
| 999 |
_c63811 _d63811 |
||
| 003 | Ge_BSU | ||
| 005 | 20260120194149.0 | ||
| 008 | 260120s1966 ge ||||| |||| 00| 0 geo d | ||
| 041 | _ageo | ||
| 080 | _a330.1(075.9) ლ-45 | ||
| 100 |
_aლეონტიევი, ლ.ა. _926707 |
||
| 245 |
_aმოკლე პოლიტიკური ეკონომია : _bდამხმ. სახელმძღვ. მარქსიზმ-ლენინიზმის საფუძვლების სკოლებისათვის / _cლ.ა. ლეონტიევი. |
||
| 264 |
_aთბ. : _bსაქ. კპ ცკ-ის გამ-ბა, _c 1966. |
||
| 300 |
_a488 გვ. ; _b20 სმ. |
||
| 653 | _aპოლიტიკური ეკონომია. | ||
| 942 |
_2udc _cᲬᲘᲒᲜᲘ |
||